<?xml version="1.0" encoding="utf-8"?>
<?xml-stylesheet type='text/xsl' href='./oai2.xsl'?>
<OAI-PMH xmlns="http://www.openarchives.org/OAI/2.0/" xmlns:xsi="http://www.w3.org/2001/XMLSchema-instance" xsi:schemaLocation="http://www.openarchives.org/OAI/2.0/ http://www.openarchives.org/OAI/2.0/OAI-PMH.xsd">
  <responseDate>2026-06-07T07:39:51Z</responseDate>
  <request verb="GetRecord" metadataPrefix="marcxml" identifier="record_kuniweb_401790">https://kulturerbe.niedersachsen.de/oai</request>
  <GetRecord>
    <record>
      <header>
        <identifier>record_kuniweb_401790</identifier>
        <datestamp>2025-08-28T09:38:22Z</datestamp>
        <setSpec>slg0183</setSpec>
      </header>
      <metadata>
        <marc:record xmlns:marc="http://www.loc.gov/MARC21/slim" xsi:schemaLocation="http://www.loc.gov/MARC21/slim http://www.loc.gov/standards/marcxml/schema/MARC21slim.xsd">
          <marc:leader>12345nkm  22     uu 4500</marc:leader>
          <marc:controlfield tag="001">401790</marc:controlfield>
          <marc:controlfield tag="003">http://kuniweb.gbv.de</marc:controlfield>
          <marc:controlfield tag="005">2024-08-27T11:49:20</marc:controlfield>
          <marc:controlfield tag="008">|           ||||||||||||||||||||||</marc:controlfield>
          <marc:datafield tag="245" ind1="1" ind2="0">
            <marc:subfield code="a">Ruinenlandschaft mit Fluß</marc:subfield>
          </marc:datafield>
          <marc:datafield tag="720" ind1=" " ind2=" ">
            <marc:subfield code="a">Johann Friedrich Weitsch</marc:subfield>
          </marc:datafield>
          <marc:datafield tag="655" ind1=" " ind2="7">
            <marc:subfield code="a">Malerei</marc:subfield>
          </marc:datafield>
          <marc:datafield tag="046" ind1=" " ind2=" ">
            <marc:subfield code="k">1780</marc:subfield>
            <marc:subfield code="k">um 1780/1786 (Vermutung)</marc:subfield>
            <marc:subfield code="l">1786</marc:subfield>
          </marc:datafield>
          <marc:datafield tag="260" ind1=" " ind2=" ">
            <marc:subfield code="g">1780</marc:subfield>
            <marc:subfield code="g">1786</marc:subfield>
            <marc:subfield code="g">um 1780/1786 (Vermutung)</marc:subfield>
          </marc:datafield>
          <marc:datafield tag="300" ind1=" " ind2=" ">
            <marc:subfield code="a">Höhe: 59,3 cm
Breite: 99,6 cm
Höhe: 72,8 cm (Rahmen)
Breite: 113,7 cm (Rahmen)</marc:subfield>
          </marc:datafield>
          <marc:datafield tag="520" ind1=" " ind2=" ">
            <marc:subfield code="a">Querrechteckiges Landschaftsbild: Im Vordergrund ein schmaler Uferstreifen, der rechts von hohen Felsen begrenzt wird, während sich - von links kommend - ein Fluss in die Tiefe der Landschaft zieht. Vorne rechts zwei Hirtinnen mit einigen Rindern, Schafen und Ziegen. Während die eine Hirtin sitzend ein Lamm streichelt, füttert ihre stehende Gefährtin mit Amphore einen Hund. Hinter ihnen erhebt sich eine bewachsene Ruine mit gotischem Fenster.
Links vorne setzen drei Männer mit einem kleinen Kahn einige Rinder über einen in den Fluss mündenden Bach. Am Flussufer hat ein kleines Segelschiff festgemacht, dessen Ladeflächen durch Tuchplanen abgedeckt sind. Am Ufer begutachtet ein Mann zwei große Pakete. (Städtisches Museum Braunschweig)

Aufschrift:
"F. W. / 1780[?]", unten Mitte; "P. J. F. Weitsch / V. F. M. N.", auf der Rückseite (Signatur)

Aufschrift:
Rückseite Keilrahmen oben links "46" in Blei und "46" in Rot; Mitte alter Klebezettel: "P. J. F. Weitsch / V. F. M. N." (Tinte), runder Museumsstempel daneben, oben rechts "33" (Blei), unten Pappschild mit Reißzwecken: "P.-J. Weitsch (1723-1803): Landschaft" (maschinenschriftlich), rechts daneben alter Klebezettel mit "Nr. 425 / Pascha Weitsch" (Tinte), daneben "425" (Blei), unten links "46" (Blei); Schmuckrahmen unten "425" (Blei), Museumsstempel, oben links Klebezettel mit rundem Museumsstempel "Nr. 425 / Pascha Weitsch" (Tinte), Mitte Klebezettel mit blauem Linienrand und "33" (in Rot), oben rechts "Wand II" (Blei, seitenverkehrt), rechts oben "16." (Kuli), rechts "425 Pascha / Weitsch" (Blei), Schmuckrahmen unten links "425" (Blei) und runder Museumsstempel

Veröffentlicht in:
Andreas Büttner: ...ein wahrer Schüler der Natur. Pasch Weitsch zum 300. Geburtstag. Braunschweig 2023, S. 27.

Literatur in Zusammenhang:
M. Slg., S. 194 bis 195v; Nagler 21 (1851), S. 266-268; Nagler 2 (1860), S. 926, Nr. 2581; ThB 35 (1942), S. 350f.; Stadtlexikon 1992, S. 243; BrBL 1996, S. 644f.; Müller-Hofstede 1967/68; AK P. Weitsch 1998; Richter 2006, Bd. 2, S. 114f.

Veröffentlicht in:
J. M. Nauhaus und J. Lange, „Die Gemäldesammlung des Städtischen Museums Braunschweig Vollständiges Bestandsverzeichnis und Verlustdokumentation“. Olms, Hildesheim; Zürich [u.a.], 2009. (S. 668, Nr. 1999 (mit älterer Lit.).)</marc:subfield>
          </marc:datafield>
          <marc:datafield tag="650" ind1="1" ind2=" ">
            <marc:subfield code="a">Gemälde</marc:subfield>
          </marc:datafield>
          <marc:datafield tag="650" ind1="1" ind2=" ">
            <marc:subfield code="a">Malerei</marc:subfield>
          </marc:datafield>
          <marc:datafield tag="650" ind1="1" ind2=" ">
            <marc:subfield code="a">Landschaft</marc:subfield>
          </marc:datafield>
          <marc:datafield tag="650" ind1="1" ind2=" ">
            <marc:subfield code="a">Malerei &gt; Gemälde</marc:subfield>
          </marc:datafield>
          <marc:datafield tag="650" ind1="1" ind2=" ">
            <marc:subfield code="a">Malerei</marc:subfield>
          </marc:datafield>
          <marc:datafield tag="773" ind1="0" ind2=" ">
            <marc:subfield code="t">Sammlung Malerei</marc:subfield>
          </marc:datafield>
          <marc:datafield tag="852" ind1=" " ind2=" ">
            <marc:subfield code="a">Städtisches Museum Braunschweig</marc:subfield>
          </marc:datafield>
          <marc:datafield tag="" ind1=" " ind2=" ">
            <marc:subfield code="a">Namensnennung - Nicht kommerziell - Keine Bearbeitungen 4.0 International (CC BY-NC-ND 4.0)</marc:subfield>
          </marc:datafield>
        </marc:record>
      </metadata>
    </record>
  </GetRecord>
</OAI-PMH>
